Screen Actors Guild Award for Outstanding Performance by a Male Actor in a Drama Series - Statistics

General Stats
  • This quiz has been taken 9 times
  • The average score is 8 of 23
Answer Stats
Year Actor % Correct
2013 Bryan Cranston
100%
2012 Bryan Cranston
100%
2007 James Gandolfini
67%
2002 James Gandolfini
67%
1999 James Gandolfini
67%
2005 Kiefer Sutherland
44%
2003 Kiefer Sutherland
44%
2001 Martin Sheen
33%
2000 Martin Sheen
33%
1997 Anthony Edwards
22%
1995 Anthony Edwards
22%
2008 Hugh Laurie
22%
2006 Hugh Laurie
22%
2016 John Lithgow
22%
2015 Kevin Spacey
22%
2014 Kevin Spacey
22%
2009 Michael C. Hall
22%
1996 Dennis Franz
11%
1994 Dennis Franz
11%
2004 Jerry Orbach
11%
1998 Sam Waterston
11%
2011 Steve Buscemi
11%
2010 Steve Buscemi
11%
No matching quizzes found
Score Distribution
Percent of People with Each Score
Percentile by Number Answered
Your Score History
You have not taken this quiz